Statistics for World Capitals Containing L - Two Minute Sprint

Click here to take the quiz!

General Stats

  • This quiz has been taken 444 times
  • The average score is 26 of 54

Answer Stats

capital% Correct
London
81%
Brasília
72%
Lisbon
71%
Lima
67%
Vilnius
65%
Helsinki
64%
Luanda
64%
Berlin
63%
Oslo
63%
Tallinn
62%
Lusaka
61%
Dublin
60%
Wellington
60%
Algiers
59%
Lomé
57%
Jerusalem
55%
Bratislava
54%
Guatemala City
54%
Lilongwe
54%
Ljubljana
54%
New Delhi
53%
Valletta
53%
Islamabad
52%
Brussels
51%
La Paz
51%
Libreville
50%
Tripoli
50%
Andorra la Vella
49%
Dili
49%
Luxembourg
49%
Ulaanbaatar
49%
Belgrade
47%
Stockholm
46%
Kigali
45%
Kuala Lumpur
45%
Manila
44%
Belmopan
43%
Seoul
41%
Kabul
39%
Brazzaville
38%
Kampala
37%
Palikir
37%
Tegucigalpa
37%
Malé
36%
Malabo
34%
Ngerulmud
34%
San Salvador
34%
Port Louis
32%
Port Vila
32%
Banjul
29%
Bloemfontein
29%
Colombo
25%
Tbilisi
25%
Nukuʻalofa
22%

Score Distribution

Percentile by Number Answered

Percent of People with Each Score

Your Score History

You have not taken this quiz